The Infinite Image : art, time and the aesthetic dimension in antiquity /

محفوظ في:

المؤلف الرئيسي: Bahrani, Zainab, 1962- (مؤلف)

التنسيق: كتاب

اللغة: English

منشور في: London : Reaktion Books, 2014.

الموضوعات:

الوسوم: إضافة وسم

لا توجد وسوم, كن أول من يضع وسما على هذه التسجيلة!

رقم الطلب: N5370 .B35 2014

LEADER 01077namaa2200253 4500
001 23536
003 OSt
005 20250821104159.0
008 130303s2014 enka b 001 0 eng d
020 |a 9781780232775 
040 |c ARCE Library 
043 |a aw----- 
050 4 |a N5370 .B35 2014 
100 1 |a Bahrani, Zainab,   |d 1962-   |e author 
245 1 4 |a The Infinite Image :   |b art, time and the aesthetic dimension in antiquity /   |c Zainab Bahrani. 
264 1 |a London :   |b Reaktion Books,   |c 2014. 
300 |a 263 pages :   |b illustrations (chiefly color) ;   |c 26 cm. 
504 |a Includes bibliographical references and index. 
505 0 |a Images into the infinite -- Ancient art: the aesthetic dimension -- What is/was an image? -- In the time of Lapis Lazuli -- The double: difference and repetition -- Realms of art -- The monumental force of the law -- The speaking image -- Twilight of the idols. 
650 0 |a Art, Ancient  |z Middle East  |x Influence. 
650 0 |a Art, Assyro-Babylonian  |z Middle East  |x Influence. 
901 |a reviewed 
942 |c BK  |2 lcc 
999 |c 23585  |d 23585